01354nam a2200313Ia 4500001001200000003000800012006001900020007001500039008004100054020001800095020002200113020002200135040002100157035002100178050002300199100001800222245019600240260004000436300002500476504006400501533015200565650007000717651004700787655002900834700001900863710001700882856012600899999001501025ebr10281216CaPaEBRm u cr cn|||||||||051216s2005 enka fsb 001 0 eng d z9781861347404 z1861347405 (hbk.) z1861347391 (pbk.) aCaPaEBRcCaPaEBR a(OCoLC)66690784414aHC240b.R66 2005eb1 aRoom, Graham.14aThe European challengeh[electronic resource] :binnovation, policy learning and social cohesion in the new knowledge economy /cGraham Room ; in collaboration with Jacob Dencik ... [et al.]. aBristol, UK :bPolicy Press,c2005. aviii, 200 p. :bill. aIncludes bibliographical references (p. 167-189) and index. aElectronic reproduction.bPalo Alto, Calif. :cebrary,d2009.nAvailable via World Wide Web.nAccess may be limited to ebrary affiliated libraries. 0aKnowledge managementxEconomic aspectszEuropean Union countries. 0aEuropean Union countriesxEconomic policy. 7aElectronic books.2local1 aDencik, Jacob.2 aebrary, Inc.40uhttp://site.ebrary.com/lib/rucke/Doc?id=10281216zAn electronic book accessible through the World Wide Web; click to view c4032d4032